| 000 | 00612nam a22001937a 4500 | ||
|---|---|---|---|
| 999 |
_c195776 _d195776 |
||
| 005 | 20230420161033.0 | ||
| 010 | _aENG-136734 | ||
| 020 |
_c550.00 _a9788181715586 |
||
| 035 | _aEN-120266 | ||
| 037 | _bDBAD/PUB | ||
| 082 | _a595.754095421 | ||
| 100 | _aChandra,Kailash | ||
| 245 | 0 | 0 |
_aTrue bugs of Central India/ _cKailash Chandra, Sandeep Kushwaha and E. Eyarin Jehamalar |
| 260 |
_aKolkata _bZoological Survey Of India _c2018 |
||
| 270 |
_bKolkata _aM- Block, New Alipore _e700006 |
||
| 300 |
_a403p.; _c24cm(pbk) |
||
| 500 | _aIncludes index | ||
| 942 |
_2ddc _cEN _mCHA _h595.754095421 |
||